[Event "Vojvodina-chT 2nd League"]
[Site "Stari Banovci"]
[Date "2013.11.09"]
[Round "8"]
[White "Munizaba, Slobodan"]
[Black "Azaric, Slavko"]
[Result "1/2-1/2"]
[WhiteElo "2335"]
[BlackElo "2294"]
[PlyCount "96"]
[EventDate "2013.11.03"]
[EventType "team-tourn"]
[EventRounds "11"]
[EventCountry "SRB"]
[SourceTitle "EXT 2015"]
[Source "ChessBase"]
[SourceDate "2014.11.20"]
[SourceVersion "1"]
[SourceVersionDate "2014.11.20"]
[SourceQuality "1"]

1. d4 d6 2. Nf3 Nf6 3. g3 g6 4. Bg2 Bg7 5. 0-0 0-0 6. c4 c6 7. Nc3 Qb6 8. Qc2 Re8 9. b3 Bf5 10. e4 Nxe4 11. Na4 Ng5 12. Nxb6 Nxf3+ 13. Bxf3 Bxc2 14. Nxa8 Bxd4 15. Bg5 Bxa1 16. Rxa1 Na6 17. b4 Rxa8 18. b5 Nc5 19. Bxe7 Be4 20. Be2 Bd3 21. Bxd3 Nxd3 22. bxc6 bxc6 23. Bxd6 Nb2 24. Rc1 Rd8 25. c5 Rd7 26. Rc3 f6 27. Rf3 Nc4 28. Rxf6 Kg7 29. Rf3 Nxd6 30. Rd3 Kf6 31. f4 Ke6 32. Rxd6+ Rxd6 33. cxd6 Kxd6 34. Kf2 Kd5 35. Ke3 c5 36. Kd3 c4+ 37. Kc3 h6 38. a4 h5 39. a5 Kc5 40. h3 Kd5 41. a6 Kc5 42. g4 h4 43. f5 gxf5 44. gxf5 Kd5 45. f6 Ke6 46. Kxc4 Kxf6 47. Kd5 Kf5 48. Kc6 Ke6 1/2-1/2

[Event "Vojvodina-chT 2nd League"]
[Site "Stari Banovci"]
[Date "2013.11.05"]
[Round "3"]
[White "Munizaba, Slobodan"]
[Black "Jesenski, Tibor"]
[Result "1/2-1/2"]
[WhiteElo "2335"]
[BlackElo "2328"]
[PlyCount "63"]
[EventDate "2013.11.03"]
[EventType "team-tourn"]
[EventRounds "11"]
[EventCountry "SRB"]
[SourceTitle "EXT 2015"]
[Source "ChessBase"]
[SourceDate "2014.11.20"]
[SourceVersion "1"]
[SourceVersionDate "2014.11.20"]
[SourceQuality "1"]

1. d4 d5 2. Nf3 Nf6 3. g3 g6 4. Bg2 Bg7 5. 0-0 0-0 6. c4 dxc4 7. Na3 c3 8. bxc3 c5 9. Ne5 Nbd7 10. Nac4 Nxe5 11. dxe5 Nd7 12. f4 Rb8 13. a4 Qc7 14. Ne3 e6 15. Ra2 b6 16. Rd2 f6 17. Qb3 fxe5 18. Qxe6+ Kh8 19. Nd5 Qd8 20. Ne7 Qe8 21. Bc6 Rf6 22. Bxd7 Rxe6 23. Bxe8 Bb7 24. Nxg6+ hxg6 25. Bd7 Rf6 26. c4 exf4 27. Bb2 Rf7 28. Bxg7+ Kxg7 29. Rxf4 Rxf4 30. gxf4 Rf8 31. Be6 Bc6 32. e3 1/2-1/2

[Event "Vojvodina-chT"]
[Site "Sombor"]
[Date "2009.10.02"]
[Round "9"]
[White "Nestorovic, Nikola"]
[Black "Munizaba, Slobodan"]
[Result "1/2-1/2"]
[WhiteElo "2412"]
[BlackElo "2339"]
[PlyCount "43"]
[EventDate "2009.09.27"]
[EventType "team-swiss"]
[EventRounds "11"]
[EventCountry "YUG"]
[SourceTitle "EXT 2012"]
[Source "ChessBase"]
[SourceDate "2011.11.24"]
[SourceVersion "1"]
[SourceVersionDate "2011.11.24"]
[SourceQuality "1"]

1. e4 c5 2. Nf3 d6 3. d4 cxd4 4. Nxd4 Nf6 5. Nc3 a6 6. Be3 Ng4 7. Bc1 Nf6 8. Be2 g6 9. 0-0 Bg7 10. Bg5 Nc6 11. Nb3 0-0 12. f4 b5 13. a3 Bb7 14. Bf3 Nd7 15. Qe1 Nc5 16. Nxc5 Qb6 17. Kh1 Qxc5 18. Qh4 f6 19. Bh6 Nd4 20. Bxg7 Kxg7 21. Rae1 e5 22. Bd1 1/2-1/2